000 01013cab a2200265 4500
001 ABS57321
008 090401t1997 xxu||||| |||| 00| 0 eng d
035 _a(Sirsi) u79873
041 _aeng
100 _aTowers, J.
245 _aWhither fair rents?
260 _c1997
350 _a0
490 _aJournal of Institute of Rent Officers
_v28(2) July 1997, 15-18(4)
520 _aCriticises the current system of fair rent assessment and decision making for housing association tenancies. Suggests that fair rent should be calculated by taking into account the diversity of the private rented sector, a specific application of `scarcity`, and consideration of the market rent.
650 _aFAIR RENTS
650 _aHOUSING ASSOCIATIONS
650 _aPRIVATE RENTED SECTOR
650 _aRENTAL LEVELS
650 _aRENTAL VALUE
650 _aSOCIAL HOUSING
690 _aPROPERTY-RESIDENTIAL PROPERTY-RESIDENTIAL LANDLORD AND TENANT-RESIDENTIAL TENANCIES
942 _n0
948 _c24/07/1997
999 _c50262
_d50262